000 00273nam a2200121Ia 4500
008 190216s9999||||xx |||||||||||||| ||und||
100 _aKuttikrishna Marar
245 0 _aNizhalattam
260 _bCurrent Books
_c1946
300 _a102p
650 _aKavithkal
942 _cBK
999 _c23634
_d23634